A levitação (Registo nº 193583)
[ vista simples ]
| 000 -Etiqueta do registo | |
|---|---|
| Valores | 00597nam 22001933 4500 |
| 100 ## - Dados gerais de processamento | |
| Dados gerais | 20250103d u||y0pory50 ba |
| 200 ## - Titulo e menção de responsabilidade | |
| Título próprio | A levitação |
| Informação de outro título | Fenómeno místico e parapsicológico |
| Primeira menção de responsabilidade | Anna Maria Turi |
| Outras menções de responsabilidade | tradução de Maria da Graça Tavares |
| 210 ## - Publicação | |
| Local de publicação | Lisboa |
| Nome do editor | Edições 70 |
| Data de publicação | imp.1979 |
| 215 ## - Descrição física | |
| Paginação / Volumes | 188, [4] p. |
| Outras indicações físicas | brochado |
| Dimensões | 22 cm |
| 225 ## - Colecção | |
| Título próprio da colecção | Esfinge |
| Número de parte ou secção | 34 |
| 606 ## - Nome comum usado como assunto | |
| ID Autoridade | 33 |
| Palavra de ordem | Psicologia |
| 675 ## - CDU | |
| Notação | 159.9 |
| Edição | PT |
| Língua | por |
| 700 ## - Autor principal (pessoa individual) | |
| ID Autoridade | 10031 |
| Apelido | Turi |
| Nome | Anna Maria |
| 702 ## - Autor secundário (pessoa individual) | |
| ID Autoridade | 10032 |
| Apelido | Tavares |
| Nome | Maria da Graça |
| 801 ## - Fonte de origem | |
| País | PT |
| Agência | BMMN |
| Regras de catalogação | RPC |
| 830 ## - Notas gerais do catalogador | |
| Criado por | Vanda |
| 990 ## - Elementos KOHA | |
| Tipo de documento | Livro |
| Situação do levantamento | Biblioteca de origem | Código de barras | Cota | Permissão de empréstimo | Tipo de documento | Forma de aquisição |
|---|---|---|---|---|---|---|
| Biblioteca Municipal de Montemor-o-Novo | 20225 | 159.9 TUR|DEP | Livro | Compra |